000 00575nam a2200193 i 4500
001 53221
003 ES-MaACL
005 20250702194446.0
007 t|
008 991104s1849 fr ||||1| fre d
040 _aCCPB | B
_bspa
_cCCPB | B
100 1 _aDunoyer, Charles (
_d1786-1862)
_946066
245 1 3 _aLa revolution du 24 février /
_cpar M. Dunoyer.
260 _aParis :
_bGuillaumin,
_c1849.
300 _a240 p. ;
_c19 cm.
651 7 _aFrancia-
_xHistoria-
_y1848, Revolución de febrero
_2
_9147659
852 _aES-MaACL
_jT-615-F-5
999 _c53221
_d53221